UEFA-Clubrangliste - Top 50 - Statistiken

Allgemein
  • Dieses Quiz wurde 322 mal gespielt
  • Das Durchschnittsergebnis liegt bei 39 aus 50
Antwortstatistiken
# Punktekoeffizient Nation Verein % Korrekt
3. 122.000 GER FC Bayern München
100%
2. 131.000 SPA Real Madrid
100%
20. 73.000 ITA AC Mailand
99%
8. 93.000 GER Borussia Dortmund
99%
6. 96.000 FRA Paris Saint-Germain
99%
4. 117.500 ENG FC Liverpool
98%
1. 135.000 ENG Manchester City
98%
10. 87.000 GER Bayer 04 Leverkusen
97%
5. 97.000 ITA AS Rom
96%
11. 84.500 SPA FC Barcelona
96%
9. 91.000 ITA Inter Mailand
96%
27. 61.000 NED Ajax Amsterdam
95%
7. 95.500 ENG FC Chelsea
95%
21. 72.000 ITA Juventus Turin
95%
14. 81.000 SPA Atletico Madrid
94%
15. 79.250 ENG Manchester United
94%
17. 76.000 POR FC Porto
93%
18. 76.000 GER RB Leipzig
93%
13. 82.000 POR Benfica Lissabon
91%
16. 77.000 ENG FC Arsenal
89%
33. 57.500 POR Sporting Lissabon
89%
26. 61.000 ITA SSC Neapel
88%
31. 58.000 SPA FC Sevilla
87%
24. 66.000 NED Feyenoord Rotterdam
85%
29. 60.000 NED PSV Eindhoven
84%
25. 64.500 ITA Lazio Rom
82%
39. 48.000 FRA Olympique Marseille
82%
28. 61.000 GER Eintracht Frankfurt
81%
36. 54.000 CRO Dinamo Zagreb
80%
30. 60.000 SCO Glasgow Rangers
80%
42. 46.000 ENG Tottenham Hotspur
80%
19. 75.000 ITA Atalanta Bergamo
76%
23. 69.000 BEL FC Brügge
74%
44. 44.375 DEN FC Kopenhagen
73%
41. 48.000 AUS RB Salzburg
71%
47. 42.000 SER Roter Stern Belgrad
68%
12. 82.000 SPA FC Villareal
65%
34. 57.000 FRA LOSC Lille
64%
37. 50.000 UKR Shakhtar Donezk
62%
22. 69.000 ENG West Ham United
59%
48. 42.000 TUR Fenerbahce Istanbul
58%
38. 50.000 CZE Slavia Prag
56%
49. 41.250 SPA Betis Sevilla
55%
35. 55.000 ITA AC Florenz
52%
45. 44.000 POR SC Braga
51%
43. 45.000 GRE Olympiakos Piräus
47%
32. 58.000 SPA Real Sociedad
47%
46. 42.000 BEL KAA Gent
43%
40. 48.000 NED AZ Alkmaar
38%
50. 40.000 FRA Stade Rennes
31%
Keine übereinstimmenden Quizze gefunden
Verteilung der Resultate
Anzahl Personen mit jedem Resultat
Perzentil nach korrekt beantworteten Fragen
Ihre Resultats-Entwicklung
Sie haben dieses Quiz noch nicht gespielt